[Event "GER-chT10 LJ-22 Br03 email"]
[Site "GER email"]
[Date "2013.10.04"]
[Round "?"]
[White "Kuzaj, Helmut"]
[Black "Traut, Gerhard"]
[Result "1/2-1/2"]
[WhiteElo "2180"]
[BlackElo "1910"]
[PlyCount "87"]
[EventDate "2013.10.15"]
[EventType "tourn (corr)"]
[EventRounds "8"]
[EventCountry "GER"]
[SourceTitle "Corr 2020"]
[Source "ChessBase"]
[SourceDate "2019.09.30"]
[SourceVersion "1"]
[SourceVersionDate "2019.09.30"]
[SourceQuality "1"]

1. d4 d5 2. c4 c6 3. Nf3 Nf6 4. Nc3 e6 5. Bg5 h6 6. Bxf6 Qxf6 7. e3 Nd7 8. Bd3 dxc4 9. Bxc4 g6 10. Qe2 Bg7 11. e4 Qe7 12. e5 0-0 13. 0-0 b5 14. Bd3 Rb8 15. Ne4 c5 16. Nxc5 Nxc5 17. dxc5 Qxc5 18. Be4 b4 19. Rfd1 Qb6 20. h3 Ba6 21. Qe1 Rfd8 22. Rac1 Bf8 23. Rxd8 Rxd8 24. b3 Qa5 25. Rc2 Rc8 26. Rxc8 Bxc8 27. Qc1 Bd7 28. Qc2 Kg7 29. g3 Be7 30. Kg2 Bd8 31. h4 Bb6 32. Bb7 Be8 33. Qc8 Bb5 34. Qc2 Bd7 35. Qd2 Be8 36. Nh2 h5 37. Nf3 Qc5 38. Ng5 Qc7 39. Bf3 Qxe5 40. Qxb4 Qd4 41. Qxd4+ Bxd4 42. Ne4 Bd7 43. Nd6 f5 44. Be2 1/2-1/2

[Event "Remote email"]
[Site "Remote email"]
[Date "2013.10.01"]
[Round "4"]
[White "Kuzaj, Helmut"]
[Black "Kuna, Heiko"]
[Result "1/2-1/2"]
[WhiteElo "2363"]
[BlackElo "2348"]
[PlyCount "75"]
[EventDate "2013.??.??"]
[EventType "tourn (corr)"]
[EventRounds "6"]
[EventCountry "GER"]
[SourceTitle "Corr 2015"]
[Source "ChessBase"]
[SourceDate "2015.07.17"]
[SourceVersion "1"]
[SourceVersionDate "2015.07.17"]
[SourceQuality "1"]

1. d4 Nf6 2. Bg5 e6 3. Nd2 c5 4. e3 cxd4 5. exd4 Nc6 6. Ngf3 Be7 7. Bxf6 Bxf6 8. c3 d5 9. Bd3 0-0 10. 0-0 Re8 11. Re1 g6 12. Ne5 Nxe5 13. dxe5 Bg7 14. Nf3 a6 15. h4 h5 16. Qc2 Rf8 17. Ng5 Bd7 18. Bxg6 fxg6 19. Qxg6 Rf5 20. Qxh5 Rc8 21. Rad1 Qe7 22. Qh7+ Kf8 23. Qg6 Qe8 24. Nh7+ Kg8 25. Nf6+ Rxf6 26. Qxe8+ Rxe8 27. exf6 Bxf6 28. g3 Kf7 29. f4 Rg8 30. Kh2 Kg6 31. Rd2 Rh8 32. Rg2 Bd8 33. Rge2 Kf7 34. a3 Rh6 35. Rd2 Bc6 36. Kh3 Rh7 37. Rde2 Bd7 38. Kg2 1/2-1/2

[Event "Remote-SM email"]
[Site "Remote email"]
[Date "2013.02.10"]
[Round "?.9"]
[White "Farkas, Lajos"]
[Black "Kuzaj, Helmut"]
[Result "1/2-1/2"]
[WhiteElo "2219"]
[BlackElo "2315"]
[PlyCount "88"]
[EventDate "2013.??.??"]
[EventType "team-match (corr)"]
[EventRounds "2"]
[EventCountry "GER"]
[SourceTitle "Corr 2015"]
[Source "ChessBase"]
[SourceDate "2015.07.17"]
[SourceVersion "1"]
[SourceVersionDate "2015.07.17"]
[SourceQuality "1"]
[WhiteTeam "SchemingMind"]
[BlackTeam "Remote"]

1. d4 Nf6 2. c4 e6 3. Nc3 Bb4 4. e3 0-0 5. Bd3 d5 6. Nf3 c5 7. 0-0 Nc6 8. a3 Bxc3 9. bxc3 Qc7 10. cxd5 exd5 11. a4 Re8 12. Ba3 c4 13. Bc2 Ne4 14. Bxe4 Rxe4 15. Nd2 Rh4 16. g3 Rh6 17. e4 Be6 18. Re1 Qd7 19. f3 dxe4 20. Nxe4 Bd5 21. Qc1 Rg6 22. Qf4 b6 23. Ra2 h6 24. Rae2 Na5 25. Nd6 Rf6 26. Qe5 Bxf3 27. Ne8 Rg6 28. Qxg7+ Rxg7 29. Nf6+ Kh8 30. Nxd7 Bxe2 31. Rxe2 Rg6 32. Rf2 Kg7 33. Be7 Re6 34. Bf6+ Kh7 35. Rf4 Rae8 36. Be5 Rd8 37. Nf6+ Kg7 38. Nd7+ Kg8 39. d5 Rg6 40. Nf6+ Kf8 41. Bc7 Rxf6 42. Rxf6 Rxd5 43. Rxh6 Kg7 44. Rh4 f6 1/2-1/2

[Event "CO-Remote email"]
[Site "Remote email"]
[Date "2013.02.10"]
[Round "?.9"]
[White "Kuzaj, Helmut"]
[Black "Pilipchuk, Andrey Vadimovich"]
[Result "1/2-1/2"]
[WhiteElo "2315"]
[BlackElo "2241"]
[PlyCount "68"]
[EventDate "2013.??.??"]
[EventType "team-match (corr)"]
[EventRounds "2"]
[EventCountry "GER"]
[SourceTitle "Corr 2015"]
[Source "ChessBase"]
[SourceDate "2015.07.17"]
[SourceVersion "1"]
[SourceVersionDate "2015.07.17"]
[SourceQuality "1"]
[WhiteTeam "Remote"]
[BlackTeam "ChessOnline"]

1. d4 Nf6 2. Nf3 e6 3. e3 b6 4. Bd3 Bb7 5. 0-0 d5 6. b3 Bd6 7. Bb2 0-0 8. Ne5 c5 9. Nd2 Nc6 10. a3 Qe7 11. f4 a5 12. a4 cxd4 13. exd4 Qc7 14. c3 Ba6 15. Bxa6 Rxa6 16. Rc1 Qb7 17. Qe2 Ne7 18. Rf3 h5 19. Rh3 g6 20. c4 Rc8 21. Ndf3 Nf5 22. Ng5 Rc7 23. Rf3 Ra8 24. Rd1 Rd8 25. Rfd3 Bf8 26. Re1 Bh6 27. g3 Rdc8 28. h3 Bg7 29. Nexf7 Rxf7 30. Nxf7 Qxf7 31. Qxe6 Rc7 32. c5 bxc5 33. dxc5 Rxc5 34. g4 Qxe6 1/2-1/2

[Event "CO-Remote email"]
[Site "Remote email"]
[Date "2013.02.10"]
[Round "?.9"]
[White "Pilipchuk, Andrey Vadimovich"]
[Black "Kuzaj, Helmut"]
[Result "1-0"]
[WhiteElo "2241"]
[BlackElo "2315"]
[PlyCount "71"]
[EventDate "2013.??.??"]
[EventType "team-match (corr)"]
[EventRounds "2"]
[EventCountry "GER"]
[SourceTitle "Corr 2015"]
[Source "ChessBase"]
[SourceDate "2015.07.17"]
[SourceVersion "1"]
[SourceVersionDate "2015.07.17"]
[SourceQuality "1"]
[WhiteTeam "ChessOnline"]
[BlackTeam "Remote"]

1. d4 Nf6 2. c4 e6 3. Nc3 Bb4 4. f3 d5 5. a3 Bxc3+ 6. bxc3 c5 7. cxd5 exd5 8. e3 c4 9. Ne2 0-0 10. g4 Nc6 11. Ng3 Na5 12. Bg2 Nb3 13. Rb1 Qa5 14. Qc2 Nd7 15. 0-0 Nb6 16. e4 f6 17. g5 Nxc1 18. Qxc1 fxg5 19. e5 Bd7 20. Rb4 Kh8 21. Qxg5 Qxa3 22. Qd2 Bc6 23. Rbb1 Na4 24. Rbc1 Qe7 25. f4 a5 26. f5 b5 27. Rce1 Qh4 28. f6 gxf6 29. Rf5 fxe5 30. Ref1 Rg8 31. dxe5 b4 32. e6 Rae8 33. Qe3 Qe7 34. Kh1 Rg7 35. Qh6 Reg8 36. Rf6 1-0

[Event "GER-chT9 LI-22 Br03 email"]
[Site "GER email"]
[Date "2011.10.17"]
[Round "?"]
[White "Kuzaj, Helmut"]
[Black "Scheiba, Manfred"]
[Result "1/2-1/2"]
[WhiteElo "2153"]
[BlackElo "2044"]
[PlyCount "102"]
[EventDate "2011.10.23"]
[EventType "tourn (corr)"]
[EventRounds "8"]
[EventCountry "GER"]
[SourceTitle "Corr 2015"]
[Source "ChessBase"]
[SourceDate "2015.07.17"]
[SourceVersion "1"]
[SourceVersionDate "2015.07.17"]
[SourceQuality "1"]

1. d4 Nf6 2. Nf3 e6 3. c4 d5 4. Nc3 Be7 5. Bf4 0-0 6. e3 c5 7. dxc5 Bxc5 8. a3 Nc6 9. Qc2 Qa5 10. Rd1 Be7 11. Be2 Ne4 12. cxd5 Nxc3 13. bxc3 exd5 14. 0-0 Rd8 15. a4 Qc5 16. Rb1 Bf6 17. Rfc1 b6 18. Nd4 Na5 19. Rb5 Qf8 20. h3 Bb7 21. Bg4 Nc4 22. Rb3 Bc8 23. Bf3 Be6 24. e4 Bd7 25. Qd3 Be5 26. Bg5 f6 27. Be3 Nxe3 28. fxe3 Bxa4 29. Rb2 Qa3 30. Rbb1 Bd7 31. exd5 g6 32. Ra1 Qd6 33. Ra6 Bc8 34. Raa1 a5 35. Rcb1 Bd7 36. Qc4 b5 37. Nxb5 Bxb5 38. Rxb5 Rac8 39. Qg4 Re8 40. Rbxa5 Qb6 41. Kh1 Qxe3 42. d6 Bxd6 43. Qd4 Qe7 44. Rb5 Rc7 45. Rc1 Kg7 46. c4 Qe1+ 47. Rxe1 Rxe1+ 48. Qg1 Rxg1+ 49. Kxg1 Rxc4 50. Rb7+ Kh6 51. Kf2 Bc7 1/2-1/2

[Event "GER-chT9 LI-22 Br03 email"]
[Site "GER email"]
[Date "2011.10.17"]
[Round "?"]
[White "Richter, Wolfgang"]
[Black "Kuzaj, Helmut"]
[Result "0-1"]
[WhiteElo "2040"]
[BlackElo "2153"]
[PlyCount "92"]
[EventDate "2011.10.23"]
[EventType "tourn (corr)"]
[EventRounds "8"]
[EventCountry "GER"]
[SourceTitle "Corr 2015"]
[Source "ChessBase"]
[SourceDate "2015.07.17"]
[SourceVersion "1"]
[SourceVersionDate "2015.07.17"]
[SourceQuality "1"]

1. d4 Nf6 2. Nf3 e6 3. c4 b6 4. g3 Ba6 5. Qa4 Bb7 6. Bg2 c5 7. 0-0 cxd4 8. Nxd4 Qc8 9. Nc3 Bxg2 10. Kxg2 Nc6 11. Rd1 Ne5 12. b3 Qb7+ 13. f3 a6 14. e4 Rc8 15. Bf4 Ng6 16. Bd2 Be7 17. Rac1 h5 18. h3 Rc5 19. Nce2 Nxe4 20. b4 b5 21. Qc2 Nxd2 22. bxc5 Nxc4 23. Qb3 Nge5 24. a4 0-0 25. axb5 axb5 26. Kh2 Bxc5 27. f4 Qe4 28. fxe5 Ne3 29. Rg1 Bxd4 30. Nxd4 Qxd4 31. Rce1 Qd2+ 32. Kh1 Nf5 33. Qf3 Rc8 34. Rd1 Qb2 35. Rxd7 Qxe5 36. Qf4 Qc3 37. Kh2 b4 38. Rgd1 b3 39. R7d2 h4 40. gxh4 b2 41. Rb1 Rc4 42. Qb8+ Kh7 43. Rdxb2 Rxh4 44. Kg1 Qe3+ 45. Rf2 Nd4 46. Rbb2 e5 0-1

[Event "GER-chT9 LI-22 Br03 email"]
[Site "GER email"]
[Date "2011.10.17"]
[Round "?"]
[White "Thelen, Armin"]
[Black "Kuzaj, Helmut"]
[Result "1/2-1/2"]
[WhiteElo "2210"]
[BlackElo "2153"]
[PlyCount "73"]
[EventDate "2011.10.23"]
[EventType "tourn (corr)"]
[EventRounds "8"]
[EventCountry "GER"]
[SourceTitle "Corr 2015"]
[Source "ChessBase"]
[SourceDate "2015.07.17"]
[SourceVersion "1"]
[SourceVersionDate "2015.07.17"]
[SourceQuality "1"]

1. e4 c5 2. Nf3 Nc6 3. c3 Nf6 4. e5 Nd5 5. Bc4 Nb6 6. Bb3 c4 7. Bc2 Qc7 8. Qe2 g5 9. h3 Bg7 10. 0-0 Nxe5 11. Nxg5 h6 12. Nf3 d6 13. a4 Nxf3+ 14. Qxf3 Be6 15. Re1 Nd7 16. Rxe6 fxe6 17. Qg4 Bf6 18. Qxe6 Ne5 19. Na3 Qd7 20. Bf5 Qxa4 21. b3 Qd7 22. Nxc4 Qxe6 23. Bxe6 Nxc4 24. bxc4 a5 25. f4 Kd8 26. g4 Bh4 27. d4 Kc7 28. Kg2 a4 29. Kf3 Rhf8 30. Ke4 Rf6 31. f5 Ra5 32. Bf4 b6 33. Kd3 a3 34. Kc2 a2 35. Kb3 Bg5 36. Bg3 Bd2 37. Rxa2 1/2-1/2

[Event "GER-chT9 LI-22 Br03 email"]
[Site "GER email"]
[Date "2011.10.17"]
[Round "?"]
[White "Zorr, Steffen"]
[Black "Kuzaj, Helmut"]
[Result "0-1"]
[WhiteElo "2144"]
[BlackElo "2153"]
[PlyCount "36"]
[EventDate "2011.10.23"]
[EventType "tourn (corr)"]
[EventRounds "8"]
[EventCountry "GER"]
[SourceTitle "Corr 2015"]
[Source "ChessBase"]
[SourceDate "2015.07.17"]
[SourceVersion "1"]
[SourceVersionDate "2015.07.17"]
[SourceQuality "1"]

1. d4 Nf6 2. c4 e6 3. Nf3 b6 4. g3 Ba6 5. b3 Bb7 6. Bg2 Bb4+ 7. Bd2 a5 8. 0-0 0-0 9. a3 Bxd2 10. Qxd2 d6 11. Qc2 Nbd7 12. Nc3 d5 13. Ne5 Qe7 14. Rfd1 Rfd8 15. e3 c6 16. e4 Rac8 17. exd5 cxd5 18. Qe2 Ba6 0-1

[Event "GER-chT8 LH-01 Br3 email"]
[Site "GER email"]
[Date "2009.10.09"]
[Round "?"]
[White "Buecker, Juergen"]
[Black "Kuzaj, Helmut"]
[Result "1-0"]
[WhiteElo "2374"]
[BlackElo "2171"]
[PlyCount "109"]
[EventDate "2009.10.15"]
[EventType "tourn (corr)"]
[EventRounds "8"]
[EventCountry "GER"]
[SourceTitle "Corr 2020"]
[Source "ChessBase"]
[SourceDate "2019.09.30"]
[SourceVersion "1"]
[SourceVersionDate "2019.09.30"]
[SourceQuality "1"]

1. e4 c5 2. Nf3 a6 3. c3 d5 4. exd5 Qxd5 5. d4 Nf6 6. Be2 g6 7. 0-0 Bg7 8. c4 Qd6 9. d5 e6 10. dxe6 Qxe6 11. Be3 Nbd7 12. Nc3 0-0 13. Re1 Re8 14. Qd2 Qc6 15. Bf4 Ne4 16. Nxe4 Rxe4 17. Ng5 Rd4 18. Qe3 Nf8 19. Bf3 Qb6 20. Be5 Bxe5 21. Qxe5 Be6 22. b3 h6 23. Ne4 Nd7 24. Qg3 Kh7 25. h4 Rd8 26. h5 g5 27. Rad1 Qa5 28. a3 Rf8 29. Be2 Re8 30. Bd3 Kg7 31. Nd6 Re7 32. Be4 Nf6 33. Qe5 Rxd1 34. Rxd1 Qd8 35. Bf5 Bd5 36. Qg3 Bc6 37. Bc2 Qc7 38. f4 g4 39. Nf5+ Kf8 40. Qf2 b6 41. Nxe7 Qxe7 42. Bf5 a5 43. a4 Be8 44. Qg3 Nxh5 45. Qc3 Ng7 46. Bxg4 Qh4 47. Qh3 Qxh3 48. Bxh3 Ke7 49. Kf2 h5 50. Re1+ Kf8 51. Kg3 Bc6 52. f5 f6 53. Kf4 Bd7 54. g4 hxg4 55. Bxg4 1-0

[Event "GER-chT8 LH-01 Br3 email"]
[Site "GER email"]
[Date "2009.10.09"]
[Round "?"]
[White "Keuter, Klaus"]
[Black "Kuzaj, Helmut"]
[Result "1-0"]
[WhiteElo "2256"]
[BlackElo "2171"]
[PlyCount "109"]
[EventDate "2009.10.15"]
[EventType "tourn (corr)"]
[EventRounds "8"]
[EventCountry "GER"]
[SourceTitle "Corr 2020"]
[Source "ChessBase"]
[SourceDate "2019.09.30"]
[SourceVersion "1"]
[SourceVersionDate "2019.09.30"]
[SourceQuality "1"]

1. d4 Nf6 2. c4 e6 3. Nf3 b6 4. g3 Ba6 5. b3 Bb7 6. Bg2 Bb4+ 7. Bd2 a5 8. 0-0 0-0 9. Qc2 Re8 10. Rd1 Bxd2 11. Rxd2 Be4 12. Qb2 d6 13. Nc3 Nbd7 14. Rdd1 Bb7 15. Re1 Rc8 16. e4 e5 17. Rad1 Qe7 18. Nd5 Nxd5 19. exd5 f5 20. dxe5 dxe5 21. Nd4 Qf6 22. Nb5 Ba6 23. d6 Bxb5 24. Bb7 Bxc4 25. bxc4 cxd6 26. Bxc8 Rxc8 27. Qb5 Qe6 28. Qd5 Qxd5 29. Rxd5 e4 30. Rxf5 Rxc4 31. Rd1 Rb4 32. Rxd6 Nf6 33. a4 h6 34. Rb5 Rxa4 35. Rdxb6 Ra1+ 36. Rb1 Ra3 37. Ra6 e3 38. fxe3 Rxe3 39. Rb8+ Kh7 40. Rb7 Ne8 41. Rxa5 Rc3 42. Re5 Rc8 43. g4 Nf6 44. h3 Kg8 45. Ree7 Ne8 46. h4 Kf8 47. Kf2 Rc4 48. Kf3 Rc1 49. Ra7 Rf1+ 50. Ke2 Rf6 51. Re3 Nd6 52. Rf3 Rxf3 53. Kxf3 Kg8 54. Kf4 Kh7 55. h5 1-0

[Event "GER-chT8 LH-01 Br3 email"]
[Site "GER email"]
[Date "2009.10.09"]
[Round "?"]
[White "Kuzaj, Helmut"]
[Black "Thalmann, Frank"]
[Result "0-1"]
[WhiteElo "2171"]
[BlackElo "2251"]
[PlyCount "160"]
[EventDate "2009.10.15"]
[EventType "tourn (corr)"]
[EventRounds "8"]
[EventCountry "GER"]
[SourceTitle "Corr 2020"]
[Source "ChessBase"]
[SourceDate "2019.09.30"]
[SourceVersion "1"]
[SourceVersionDate "2019.09.30"]
[SourceQuality "1"]

1. d4 d5 2. Nf3 Nf6 3. c4 c6 4. Nc3 dxc4 5. a4 Bf5 6. Ne5 e6 7. f3 Bb4 8. Bg5 h6 9. Bh4 b5 10. e4 Bh7 11. Be2 Qb6 12. 0-0 Nfd7 13. Ng4 0-0 14. Bf2 Qb7 15. Rc1 Be7 16. axb5 cxb5 17. d5 a6 18. b3 h5 19. Ne3 cxb3 20. Qxb3 Nc5 21. Qa2 Nbd7 22. Rfd1 Kh8 23. Rb1 Rfc8 24. Nc4 Qa7 25. Na5 Qc7 26. Rbc1 h4 27. Nc6 Bd6 28. h3 exd5 29. Qxd5 Bh2+ 30. Kh1 Bf4 31. Ne7 Re8 32. Ra1 b4 33. Qxf7 Nf6 34. Ncd5 Nxd5 35. Qxd5 Nxe4 36. fxe4 Qxe7 37. Bc5 Qxe4 38. Qxe4 Rxe4 39. Bf3 b3 40. Bxe4 Bxe4 41. Bd4 Bg5 42. Ra4 Rd8 43. Re1 Bg6 44. Bb2 a5 45. Rg4 Rd5 46. Re6 Bh5 47. Rge4 Rd2 48. Be5 Bf7 49. Rb6 Rd5 50. Bc3 Rc5 51. Bd4 Rf5 52. Rg4 Kh7 53. Rb7 Be6 54. Rxg7+ Kh6 55. Kh2 Rd5 56. R7xg5 Rxg5 57. Rxh4+ Kg6 58. Re4 Bd7 59. Bb2 Rd5 60. Re2 Rd1 61. Kg3 a4 62. Kf4 Bb5 63. Re6+ Kf7 64. Rf6+ Ke8 65. Rb6 Rb1 66. Ba3 Ra1 67. Bb2 Ra2 68. Bd4 Bc4 69. Rb4 Be6 70. h4 a3 71. h5 Rd2 72. Bc3 b2 73. h6 Bg8 74. Bxd2 a2 75. Rxb2 a1Q 76. Rb8+ Kf7 77. Kg3 Qa3+ 78. Kg4 Qa7 79. Bf4 Qf2 80. g3 Qd4 0-1